Statistics for car brands by wikipedia description

Click here to take the quiz!

General Stats

  • This quiz has been taken 37 times
  • The average score is 12 of 15

Answer Stats

wikipedia descriptionAnswer% Correct
a German automotive manufacturer of luxury vehicles headquartered in Ingolstadt, Bavaria, Germanyaudi
93%
a German multinational corporate manufacturer of luxury vehicles and motorcycles headquartered in Munich, Bavaria, Germanybmw
89%
an Italian luxury sports car manufacturer based in Maranello, Italyferrari
89%
a Japanese multinational automotive manufacturer headquartered in Toyota City, Aichi, Japantoyota
86%
an Italian brand and manufacturer of luxury sports cars and SUVs based in Sant'Agata Bologneselamborghini
82%
a South Korean multinational automotive manufacturer headquartered in Seoul, South Koreahyundai
79%
a South Korean multinational automobile manufacturer headquartered in Seoul, South Koreakia
79%
an American automotive electric vehicle and clean energy company based in Austin, Texastesla
79%
a German motor vehicle manufacturer headquartered in Wolfsburg, Lower Saxony, Germanyvolkswagen
79%
a Japanese public multinational conglomerate manufacturer of automobiles, motorcycles, and power equipment, headquartered in Minato, Tokyo, Japanhonda
75%
an American multinational automobile manufacturer headquartered in Dearborn, Michigan, United Statesford
71%
a French brand of automobiles owned by Stellantispeugeot
71%
a German automobile manufacturer specializing in high-performance sports cars, SUVs and sedans, headquartered in Stuttgart, Baden-Württemberg, Germanyporsche
71%
an American automobile division of the American manufacturer General Motorschevrolet
61%
a French high-performance luxury automobile manufacturer and a luxury brand for hyper sports carsbugatti
46%

Score Distribution

Percentile by Number Answered

Percent of People with Each Score

Your Score History

You have not taken this quiz